000 00721cam a2200253 a 4500
001 12086280
003 MUT
005 20240606081446.0
008 000629s2000 maua b 001 0 eng d
010 _a 00269221
020 _a0072346655
035 _a(OCoLC)ocm42879817
040 _cMUT
042 _alccopycat
050 0 0 _aHF 5635
_b.W695 2000
082 0 0 _a657
_221
100 1 _aWild, John J.
245 1 0 _aFinancial accounting :
_binformation for decisions /
260 _aBoston :
_bIrwin McGraw-Hill,
_cc2000.
300 _a1 v. (various pagings) :
_bill. (some col.) ;
_c29 cm.
504 _aIncludes bibliographical references and index.
650 0 _aAccounting.
942 _2lcc
_cBK
999 _c18844
_d18844